[Event "Sitges Sunway op 8th"]
[Site "Sitges"]
[Date "2021.12.13"]
[Round "1"]
[White "Livaic, Leon"]
[Black "Abbasov, Amil Habil Oglu"]
[Result "1-0"]
[WhiteElo "2547"]
[BlackElo "2184"]
[PlyCount "81"]
[EventDate "2021.12.13"]
[EventType "swiss"]
[EventRounds "10"]
[EventCountry "ESP"]
[SourceTitle "CBM 205 Extra"]
[Source "ChessBase"]
[SourceDate "2022.01.31"]
[SourceVersion "1"]
[SourceVersionDate "2022.01.31"]
[SourceQuality "1"]

1. d4 Nf6 2. Nf3 c5 3. c3 cxd4 4. cxd4 g6 5. Nc3 Bg7 6. e4 d6 7. h3 0-0 8. Be3 Nc6 9. Be2 d5 10. e5 Ne4 11. Rc1 Nxc3 12. Rxc3 f6 13. exf6 exf6 14. 0-0 Be6 15. Qd2 a6 16. Rfc1 Re8 17. b4 Nxb4 18. Ne1 Nc6 19. Nd3 Bf7 20. Nc5 Na5 21. Bf4 Bf8 22. Rb1 b5 23. Nxa6 Nc4 24. Bxc4 dxc4 25. Nc5 Bxc5 26. dxc5 Qxd2 27. Bxd2 Rxa2 28. Be3 Ra5 29. c6 Rc8 30. c7 Ra6 31. Bf4 g5 32. Bg3 Ra5 33. Rd1 Be6 34. Re3 Kf7 35. Rd6 Bf5 36. Rb6 h5 37. Bd6 Be6 38. Bb4 Ra1+ 39. Kh2 Bd5 40. Re7+ Kg8 41. Rd6 1-0

[Event "EU-ch Online 2300+ Qual"]
[Site "Chess.com INT"]
[Date "2020.05.29"]
[Round "2"]
[White "Abbasov, Amil Habil Oglu"]
[Black "Cyfka, Karina"]
[Result "1-0"]
[WhiteElo "2172"]
[BlackElo "2411"]
[PlyCount "57"]
[EventDate "2020.05.29"]
[EventType "swiss"]
[EventRounds "8"]
[EventCountry "NET"]
[SourceTitle "CBM 196 Extra"]
[Source "ChessBase"]
[SourceDate "2020.07.31"]
[SourceVersion "1"]
[SourceVersionDate "2020.07.31"]
[SourceQuality "1"]

1. e4 e5 2. Nf3 Nc6 3. d4 exd4 4. Bc4 Nf6 5. e5 d5 6. Bb5 Ne4 7. Nxd4 Bd7 8. Bxc6 bxc6 9. 0-0 Bc5 10. f3 Ng5 11. f4 Ne4 12. Be3 Bb6 13. c3 c5 14. Nb3 Bb5 15. Re1 Bc6 16. N1d2 Nxd2 17. Qxd2 d4 18. cxd4 c4 19. Na5 Bxa5 20. Qxa5 0-0 21. f5 Qh4 22. d5 Bb7 23. Rad1 Rad8 24. f6 Rxd5 25. Rxd5 Bxd5 26. Bf2 Qg5 27. Qxd5 gxf6 28. Qxc4 fxe5 29. Qxc7 1-0

[Event "EU-ch Online 2300+ Qual"]
[Site "Chess.com INT"]
[Date "2020.05.29"]
[Round "8"]
[White "Abbasov, Amil Habil Oglu"]
[Black "Murzin, Volodar"]
[Result "0-1"]
[WhiteElo "2172"]
[BlackElo "2465"]
[PlyCount "92"]
[EventDate "2020.05.29"]
[EventType "swiss"]
[EventRounds "8"]
[EventCountry "NET"]
[SourceTitle "CBM 196 Extra"]
[Source "ChessBase"]
[SourceDate "2020.07.31"]
[SourceVersion "1"]
[SourceVersionDate "2020.07.31"]
[SourceQuality "1"]

1. e4 g6 2. d4 Bg7 3. Nc3 d6 4. Be3 Nd7 5. Qd2 a6 6. 0-0-0 b5 7. h4 h5 8. Nh3 Bb7 9. Ng5 e6 10. f4 Ne7 11. Bd3 Nf6 12. Ne2 Qd7 13. Ng3 Ng4 14. Bg1 f6 15. Nh3 Bh6 16. Kb1 Rc8 17. Be2 f5 18. Bf3 fxe4 19. Bxe4 Bxe4 20. Nxe4 Nf5 21. Nhf2 Qf7 22. Nxg4 hxg4 23. Bf2 Kd7 24. g3 Ne7 25. Rhe1 Qf5 26. Qe2 Rhf8 27. Bg1 Nd5 28. Nf2 Nf6 29. Nd3 Nd5 30. Be3 Rfe8 31. Nf2 Nf6 32. Bc1 Bg7 33. b3 Ke7 34. Bb2 Kf7 35. Ka1 Kg8 36. Rd3 Re7 37. Nd1 Nd5 38. c4 bxc4 39. bxc4 Nb4 40. Rd2 Qa5 41. Bc3 c5 42. d5 Nxa2 43. Rxa2 Bxc3+ 44. Nxc3 Qxc3+ 45. Rb2 Rb8 46. Reb1 Reb7 0-1

[Event "EU-ch Online U2300 Final"]
[Site "Chess.com INT"]
[Date "2020.05.26"]
[Round "2"]
[White "Risteski, Emil"]
[Black "Abbasov, Amil Habil Oglu"]
[Result "1/2-1/2"]
[WhiteElo "2159"]
[BlackElo "2172"]
[PlyCount "68"]
[EventDate "2020.05.26"]
[EventType "swiss"]
[EventRounds "8"]
[EventCountry "NET"]
[SourceTitle "CBM 196 Extra"]
[Source "ChessBase"]
[SourceDate "2020.07.31"]
[SourceVersion "1"]
[SourceVersionDate "2020.07.31"]
[SourceQuality "1"]

1. e4 c5 2. Nf3 Nc6 3. Bb5 g6 4. Bxc6 bxc6 5. 0-0 Bg7 6. Re1 e5 7. c3 Ne7 8. d4 cxd4 9. cxd4 exd4 10. Nxd4 0-0 11. Nc3 Rb8 12. Rb1 Rb4 13. Be3 d5 14. exd5 cxd5 15. Qd2 Ba6 16. Rbd1 Re8 17. b3 Rb8 18. Bh6 Bxd4 19. Qxd4 Nf5 20. Rxe8+ Qxe8 21. Qd2 Nxh6 22. Qxh6 Rd8 23. Qf4 d4 24. Ne4 Qe7 25. Qf6 Qxf6 26. Nxf6+ Kg7 27. Ne4 Be2 28. Rd2 d3 29. f3 Rc8 30. Kf2 Rc2 31. Ke1 Rc1+ 32. Kf2 Rc2 33. Ke1 Rc1+ 34. Kf2 Rc2 1/2-1/2

[Event "AZE-ch 74th"]
[Site "Baku"]
[Date "2019.01.21"]
[Round "6"]
[White "Abbasov, Amil Habil Oglu"]
[Black "Allahverdiyeva, Ayan"]
[Result "1-0"]
[WhiteElo "2190"]
[BlackElo "1975"]
[PlyCount "89"]
[EventDate "2019.01.16"]
[EventType "swiss"]
[EventRounds "9"]
[EventCountry "AZE"]
[SourceTitle "CBM 188 Extra"]
[Source "ChessBase"]
[SourceDate "2019.02.26"]
[SourceVersion "1"]
[SourceVersionDate "2019.02.26"]
[SourceQuality "1"]

1. e4 c5 2. Nf3 d6 3. Bb5+ Nd7 4. 0-0 a6 5. Bxd7+ Bxd7 6. d4 cxd4 7. Qxd4 Rc8 8. c4 Qc7 9. b3 e5 10. Qd3 b5 11. Nbd2 Nf6 12. Rd1 Be7 13. Ba3 Qb6 14. Rac1 b4 15. Bb2 0-0 16. Nf1 Bc6 17. Ng3 Rfd8 18. Qe2 Qb7 19. Nd2 Nd7 20. Nf5 Bf8 21. Re1 Nc5 22. Rcd1 g6 23. Ng3 Ne6 24. Ndf1 Bg7 25. Qd2 h5 26. f3 h4 27. Nh1 h3 28. g3 Kh7 29. Nf2 Bh6 30. Qd3 f5 31. Nd2 Ng5 32. Qf1 Rf8 33. Nxh3 Nxe4 34. Nb1 Ng5 35. Nxg5+ Bxg5 36. Qh3+ Bh6 37. Rxd6 Bxf3 38. Bc1 Bh5 39. Bxh6 Kxh6 40. Rxe5 Rce8 41. g4 Qa7+ 42. c5 Rxe5 43. Qxh5+ Kg7 44. Rxg6+ Kf7 45. Rxa6+ 1-0

[Event "AZE-ch 74th"]
[Site "Baku"]
[Date "2019.01.19"]
[Round "4"]
[White "Abdulov, Orkhan Javanshir"]
[Black "Abbasov, Amil Habil Oglu"]
[Result "1/2-1/2"]
[WhiteElo "2395"]
[BlackElo "2190"]
[PlyCount "146"]
[EventDate "2019.01.16"]
[EventType "swiss"]
[EventRounds "9"]
[EventCountry "AZE"]
[SourceTitle "CBM 188 Extra"]
[Source "ChessBase"]
[SourceDate "2019.02.26"]
[SourceVersion "1"]
[SourceVersionDate "2019.02.26"]
[SourceQuality "1"]

1. e4 c5 2. Nf3 Nc6 3. Bb5 g6 4. Bxc6 bxc6 5. d4 Bg7 6. dxc5 Qa5+ 7. Nbd2 Qxc5 8. 0-0 d6 9. Re1 Nf6 10. e5 dxe5 11. Nxe5 0-0 12. Nb3 Qb6 13. h3 a5 14. Be3 Qc7 15. Bf4 Nd5 16. Bh2 Qb6 17. Qd4 Qxd4 18. Nxd4 c5 19. Ndc6 Bf6 20. Rad1 Nb4 21. c3 Nxc6 22. Nxc6 Be6 23. a3 Rfc8 24. Ne5 Rd8 25. Ng4 Bxg4 26. hxg4 e6 27. Bc7 Rdc8 28. Bf4 Rd8 29. Kf1 Kg7 30. g5 Be7 31. Be5+ Kf8 32. f4 Ra7 33. Rxd8+ Bxd8 34. Rd1 Ke8 35. Ke2 Rb7 36. c4 Bc7 37. Bf6 Rb3 38. Rd2 Rg3 39. Kf2 Rb3 40. g3 Bb6 41. Bc3 a4 42. Rd1 Bc7 43. Rh1 e5 44. fxe5 Bd8 45. Rxh7 Bxg5 46. Rh1 Ke7 47. Rd1 Ke6 48. Ke2 Be7 49. Kd3 Rb8 50. Rh1 Bg5 51. Kc2 Be7 52. Rb1 Rb3 53. Rd1 Rb8 54. Rd2 Rb7 55. Rd3 Rb3 56. Rd5 Rb8 57. g4 Rb3 58. Kc1 Bg5+ 59. Kb1 Be7 60. Kc2 Rb8 61. Be1 Rb3 62. Bf2 Rf3 63. Bxc5 Rf4 64. Kc3 Bxc5 65. Rxc5 Rxg4 66. Kb4 Rg2 67. Kxa4 Rxb2 68. Rb5 Re2 69. Kb4 g5 70. Kc3 Rxe5 71. Kd4 Rxb5 72. cxb5 g4 73. a4 g3 1/2-1/2

[Event "Baku op"]
[Site "Baku"]
[Date "2017.11.18"]
[Round "6"]
[White "Abdulov, Orkhan Javanshir"]
[Black "Abbasov, Amil Habil Oglu"]
[Result "1-0"]
[WhiteElo "2407"]
[BlackElo "2129"]
[PlyCount "85"]
[EventDate "2017.11.13"]
[EventType "swiss"]
[EventRounds "9"]
[EventCountry "AZE"]
[SourceTitle "CBM 181 Extra"]
[Source "ChessBase"]
[SourceDate "2017.12.12"]
[SourceVersion "1"]
[SourceVersionDate "2017.12.12"]
[SourceQuality "1"]

1. c4 c5 2. g3 Nc6 3. Bg2 g6 4. Nc3 Bg7 5. Nf3 d6 6. 0-0 e6 7. Rb1 Nge7 8. a3 d5 9. b4 cxb4 10. axb4 dxc4 11. b5 Na5 12. Qa4 Bd7 13. Ba3 a6 14. Qb4 axb5 15. Nxb5 Bxb5 16. Qxb5+ Qd7 17. Qg5 h6 18. Qf4 Nd5 19. Qe4 Nc6 20. Bb2 c3 21. dxc3 Nxc3 22. Qe3 Nd5 23. Qb3 Na5 24. Qa3 Bxb2 25. Rxb2 Qe7 26. Qa4+ Qd7 27. Qd4 0-0 28. Ne5 Qe7 29. Bxd5 exd5 30. Ng4 f5 31. Qxd5+ Kh7 32. Ne5 Rfd8 33. Qb5 Rdc8 34. Rd1 Rc7 35. Rbd2 Qc5 36. Rd7+ Kg8 37. Rd8+ Rxd8 38. Rxd8+ Kg7 39. Qe8 Kf6 40. Nd7+ Rxd7 41. Rxd7 Nc6 42. Rxb7 Nd4 43. h4 1-0

[Event "Baku op"]
[Site "Baku"]
[Date "2017.11.14"]
[Round "2"]
[White "Asadli, Vugar Afgan Oglu"]
[Black "Abbasov, Amil Habil Oglu"]
[Result "1-0"]
[WhiteElo "2464"]
[BlackElo "2129"]
[PlyCount "67"]
[EventDate "2017.11.13"]
[EventType "swiss"]
[EventRounds "9"]
[EventCountry "AZE"]
[SourceTitle "CBM 181 Extra"]
[Source "ChessBase"]
[SourceDate "2017.12.12"]
[SourceVersion "1"]
[SourceVersionDate "2017.12.12"]
[SourceQuality "1"]

1. e4 c5 2. Nf3 Nc6 3. Bb5 g6 4. c3 Bg7 5. d4 Qb6 6. a4 cxd4 7. 0-0 a6 8. Bxc6 dxc6 9. a5 Qc7 10. cxd4 Nf6 11. Nc3 0-0 12. h3 Nd7 13. Be3 b6 14. Qd2 bxa5 15. Rfc1 Nb6 16. Ne2 Qb7 17. Bh6 f5 18. e5 Be6 19. Qg5 Nd5 20. Qh4 Kh8 21. Rxa5 Rac8 22. Rac5 Bg8 23. Ng5 Qxb2 24. R1c2 Qb7 25. Nc3 Nxc3 26. R2xc3 Qd7 27. Bxg7+ Kxg7 28. d5 h6 29. e6 Qd6 30. Qd4+ Rf6 31. Rxc6 Rxc6 32. Rxc6 Qd8 33. Nf3 a5 34. Ne5 1-0

[Event "EU-ch U18 23rd"]
[Site "Budva"]
[Date "2013.09.30"]
[Round "2"]
[White "Abbasov, Amil Habil Oglu"]
[Black "Studer, Noel"]
[Result "0-1"]
[WhiteElo "2237"]
[BlackElo "2341"]
[PlyCount "108"]
[EventDate "2013.09.29"]
[EventType "swiss"]
[EventRounds "9"]
[EventCountry "MNE"]
[SourceTitle "CBM 156 Extra"]
[Source "ChessBase"]
[SourceDate "2013.10.22"]
[SourceVersion "1"]
[SourceVersionDate "2013.10.22"]
[SourceQuality "1"]

1. e4 e5 2. Nf3 Nc6 3. d4 exd4 4. Bc4 Nf6 5. e5 d5 6. Bb5 Ne4 7. Nxd4 Bc5 8. Be3 Bd7 9. Bxc6 bxc6 10. 0-0 Qe7 11. Re1 0-0 12. f3 Ng5 13. f4 Ne6 14. c3 Bb6 15. Nd2 f6 16. N2f3 Nxd4 17. Bxd4 Bg4 18. Qd3 Bxf3 19. Qxf3 fxe5 20. Rxe5 Qxe5 21. fxe5 Rxf3 22. gxf3 Rf8 23. Kg2 c5 24. Bf2 Rf5 25. Re1 Kf7 26. Bg3 Ke6 27. h4 c6 28. f4 Bd8 29. Kf3 h6 30. Rh1 g6 31. Bf2 Be7 32. Be3 Rf8 33. Kg4 h5+ 34. Kf3 Kf5 35. Bf2 a5 36. Re1 a4 37. Re2 Rb8 38. Be1 c4 39. Rg2 a3 40. bxa3 Rb1 41. Bd2 Rf1+ 42. Rf2 Rxf2+ 43. Kxf2 Bxh4+ 44. Kf3 Bd8 45. Be3 Ba5 46. a4 Bxc3 47. Bb6 Bb4 48. a5 c3 49. a6 c2 50. Be3 Bc5 51. Bd2 Ba7 52. Ke2 h4 53. a4 c5 54. Be3 c4 0-1

[Event "Baku op"]
[Site "Baku"]
[Date "2012.09.28"]
[Round "7"]
[White "Sevdimaliyev, Urfan"]
[Black "Abbasov, Amil Habil Oglu"]
[Result "1-0"]
[WhiteElo "2325"]
[BlackElo "2229"]
[PlyCount "76"]
[EventDate "2012.09.22"]
[EventType "swiss"]
[EventRounds "9"]
[EventCountry "AZE"]
[SourceTitle "CBM 150 Extra"]
[Source "ChessBase"]
[SourceDate "2012.10.19"]
[SourceVersion "1"]
[SourceVersionDate "2012.10.19"]
[SourceQuality "1"]

1. e4 c5 2. Nf3 Nc6 3. d4 cxd4 4. Nxd4 g6 5. c4 Bg7 6. Be3 Nf6 7. Nc3 0-0 8. Be2 b6 9. 0-0 Bb7 10. f3 e6 11. Nxc6 dxc6 12. e5 Nd7 13. f4 f6 14. Qd6 Re8 15. Rad1 Nf8 16. Ne4 c5 17. exf6 Bxf6 18. Qxd8 Bxd8 19. Nd6 Re7 20. Nxb7 Rxb7 21. Bf3 Rbb8 22. Bxa8 Rxa8 23. Rd3 Bf6 24. b3 Re8 25. g4 Kf7 26. Kg2 Ke7 27. Rfd1 Rc8 28. Bd2 Nd7 29. Bc3 Nb8 30. Bxf6+ Kxf6 31. Kf3 Ke7 32. Ke4 Rf8 33. Rd6 Rc8 34. h3 Re8 35. Ke5 Kf7 36. a3 Rc8 37. Rxe6 Nc6+ 38. Rxc6 Rxc6 1-0

[Event "Baku op"]
[Site "Baku"]
[Date "2012.09.26"]
[Round "5"]
[White "Abbasov, Amil Habil Oglu"]
[Black "Orujov, Shujaat Ismiali"]
[Result "1/2-1/2"]
[WhiteElo "2229"]
[BlackElo "2210"]
[PlyCount "60"]
[EventDate "2012.09.22"]
[EventType "swiss"]
[EventRounds "9"]
[EventCountry "AZE"]
[SourceTitle "CBM 150 Extra"]
[Source "ChessBase"]
[SourceDate "2012.10.19"]
[SourceVersion "1"]
[SourceVersionDate "2012.10.19"]
[SourceQuality "1"]

1. e4 c5 2. Nf3 d6 3. Bb5+ Nc6 4. d4 cxd4 5. Qxd4 Bd7 6. Bxc6 Bxc6 7. Nc3 Nf6 8. Bg5 h6 9. Bxf6 gxf6 10. 0-0-0 e6 11. Rhe1 Rg8 12. g3 Be7 13. Qe3 Rh8 14. Nd4 Qd7 15. Kb1 b5 16. Re2 Kf8 17. Nxc6 Qxc6 18. Red2 a6 19. f4 Rc8 20. Ne2 Qc5 21. Qf3 b4 22. Nc1 a5 23. Nb3 Qb6 24. Qd3 Kg7 25. Nd4 Rc5 26. g4 a4 27. h4 Kf8 28. Qf3 Ke8 29. Rf1 Rc4 30. Qd3 Rc5 1/2-1/2

[Event "Moscow Dvorkovich Cup U16 7th"]
[Site "Moscow"]
[Date "2012.07.05"]
[Round "6.6"]
[White "Abbasov, Amil Habil Oglu"]
[Black "Drozdowski, Kacper"]
[Result "1/2-1/2"]
[WhiteElo "2201"]
[BlackElo "2329"]
[PlyCount "140"]
[EventDate "2012.06.29"]
[EventType "team-swiss"]
[EventRounds "7"]
[EventCountry "RUS"]
[SourceTitle "CBM 149 Extra"]
[Source "ChessBase"]
[SourceDate "2012.08.24"]
[SourceVersion "1"]
[SourceVersionDate "2012.08.24"]
[SourceQuality "1"]
[WhiteTeam "Azerbaijan U16"]
[BlackTeam "Poland U16"]
[WhiteTeamCountry "AZE"]
[BlackTeamCountry "POL"]

1. e4 Nf6 2. e5 Nd5 3. c4 Nb6 4. c5 Nd5 5. Bc4 c6 6. Nc3 Nxc3 7. bxc3 Qa5 8. Qf3 e6 9. d4 b6 10. cxb6 axb6 11. Ne2 d6 12. Bf4 d5 13. Bd3 Ba6 14. 0-0 Be7 15. Bxa6 Qxa6 16. Ng3 g6 17. Bh6 Nd7 18. Rfc1 Qc4 19. Nf1 Ra3 20. Rc2 c5 21. Ne3 Qa4 22. Rac1 c4 23. Qe2 Qc6 24. Ng4 Qa8 25. Qd2 Rg8 26. f4 f5 27. exf6 Nxf6 28. Nxf6+ Bxf6 29. Bg5 Bg7 30. Re1 Qc6 31. Qe2 Kf7 32. f5 Re8 33. fxe6+ Rxe6 34. Qf3+ Kg8 35. Rf1 Ra7 36. Rcf2 h6 37. Bf4 Rf7 38. Qh3 g5 39. Bd2 Rxf2 40. Rxf2 b5 41. a3 Qd6 42. Qh5 Re4 43. Qf7+ Kh8 44. Rf5 Qe6 45. Qxe6 Rxe6 46. Kf2 Rf6 47. Rxf6 Bxf6 48. g4 Kg7 49. Ke2 Kf7 50. Kd1 Ke6 51. Kc2 Be7 52. Kb2 Kd7 53. h3 Kc6 54. Ka2 Kb6 55. Bc1 Ka5 56. Bb2 Ka4 57. Bc1 Bd6 58. Bb2 Bf4 59. Ba1 Bc1 60. Bb2 Bd2 61. Ba1 Be3 62. Bb2 Bf2 63. Ba1 Bg3 64. Bb2 Bf4 65. Ba1 Bc1 66. Bb2 Bxb2 67. Kxb2 Ka5 68. Ka2 Ka4 69. Kb2 Ka5 70. Ka2 Ka4 1/2-1/2

[Event "Moscow Dvorkovich Cup U16 7th"]
[Site "Moscow"]
[Date "2012.07.01"]
[Round "3.14"]
[White "Abbasov, Amil Habil Oglu"]
[Black "Antipov, Mikhail Al"]
[Result "0-1"]
[WhiteElo "2201"]
[BlackElo "2433"]
[PlyCount "58"]
[EventDate "2012.06.29"]
[EventType "team-swiss"]
[EventRounds "7"]
[EventCountry "RUS"]
[SourceTitle "CBM 149 Extra"]
[Source "ChessBase"]
[SourceDate "2012.08.24"]
[SourceVersion "1"]
[SourceVersionDate "2012.08.24"]
[SourceQuality "1"]
[WhiteTeam "Azerbaijan U16"]
[BlackTeam "Russia U16"]
[WhiteTeamCountry "AZE"]
[BlackTeamCountry "RUS"]

1. e4 c5 2. Nf3 d6 3. Bb5+ Bd7 4. Bxd7+ Qxd7 5. 0-0 Nc6 6. c3 Nf6 7. d4 Nxe4 8. d5 Ne5 9. Re1 f5 10. Nxe5 dxe5 11. f3 Nf6 12. Rxe5 0-0-0 13. c4 e6 14. Nc3 exd5 15. Nxd5 Bd6 16. Nxf6 Qc7 17. Rd5 Bxh2+ 18. Kh1 gxf6 19. Qd3 Rxd5 20. cxd5 Qe5 21. Bd2 Rd8 22. Bc3 Qf4 23. Bxf6 Bg3 24. Kg1 Re8 25. Kf1 Kb8 26. Qc3 Qh6 27. Qxc5 Qxf6 28. Qc2 Qa6+ 29. Kg1 Qh6 0-1

[Event "Moscow Dvorkovich Cup U16 6th"]
[Site "Moscow"]
[Date "2011.07.02"]
[Round "12.11"]
[White "Alekseenko, Kirill"]
[Black "Abbasov, Amil Habil Oglu"]
[Result "1-0"]
[WhiteElo "2317"]
[BlackElo "2137"]
[PlyCount "123"]
[EventDate "2011.06.26"]
[EventType "team-tourn"]
[EventRounds "14"]
[EventCountry "RUS"]
[SourceTitle "CBM 143 Extra"]
[Source "ChessBase"]
[SourceDate "2011.08.29"]
[SourceVersion "1"]
[SourceVersionDate "2011.08.29"]
[SourceQuality "1"]
[WhiteTeam "Gostinnaya Dvorkovicha U16"]
[BlackTeam "Azerbaijan U16"]
[WhiteTeamCountry "RUS"]
[BlackTeamCountry "AZE"]

1. e4 c5 2. Nf3 d6 3. d4 cxd4 4. Nxd4 Nf6 5. Nc3 g6 6. Be3 Bg7 7. f3 0-0 8. Qd2 Nc6 9. Bc4 Bd7 10. 0-0-0 Qa5 11. Kb1 Rfc8 12. Bb3 Ne5 13. h4 Nc4 14. Bxc4 Rxc4 15. Nb3 Qa6 16. Bd4 Rac8 17. h5 Be6 18. hxg6 hxg6 19. g4 b5 20. g5 Nh5 21. Bxg7 Kxg7 22. Nd4 b4 23. Nd5 Bxd5 24. exd5 R8c5 25. Nf5+ Kf8 26. Rxh5 gxh5 27. g6 fxg6 28. Qh6+ Ke8 29. Qxg6+ Kd8 30. Qf7 Rxc2 31. Qxe7+ Kc8 32. Nxd6+ Kb8 33. Qd8+ Rc8 34. Nxc8 Rxc8 35. Qh4 Qg6+ 36. Ka1 a5 37. Qf4+ Kb7 38. d6 Qe6 39. Qg5 Qd7 40. Qxh5 Qxd6 41. Qh7+ Rc7 42. Qe4+ Qc6 43. Qxc6+ Rxc6 44. f4 Rf6 45. Rf1 Kc6 46. Kb1 Kc5 47. Kc2 Kc4 48. f5 Kc5 49. Kd3 Kd5 50. b3 a4 51. bxa4 Rf8 52. f6 Rf7 53. Rf2 Ke6 54. Kc4 Rc7+ 55. Kxb4 Rb7+ 56. Kc5 Kf7 57. a5 Ra7 58. Kb6 Rd7 59. a6 Rd6+ 60. Kb7 Rd1 61. a7 Rb1+ 62. Ka6 1-0

[Event "Moscow Dvorkovich Cup U16 6th"]
[Site "Moscow"]
[Date "2011.06.28"]
[Round "6.3"]
[White "Savitski, Andrei"]
[Black "Abbasov, Amil Habil Oglu"]
[Result "1/2-1/2"]
[WhiteElo "1993"]
[BlackElo "2137"]
[PlyCount "74"]
[EventDate "2011.06.26"]
[EventType "team-tourn"]
[EventRounds "14"]
[EventCountry "RUS"]
[SourceTitle "CBM 143 Extra"]
[Source "ChessBase"]
[SourceDate "2011.08.29"]
[SourceVersion "1"]
[SourceVersionDate "2011.08.29"]
[SourceQuality "1"]
[WhiteTeam "Belarus U16"]
[BlackTeam "Azerbaijan U16"]
[WhiteTeamCountry "BLR"]
[BlackTeamCountry "AZE"]

1. Nf3 c5 2. e4 Nc6 3. c3 d5 4. exd5 Qxd5 5. d4 cxd4 6. cxd4 e5 7. Nc3 Bb4 8. Bd2 Bxc3 9. Bxc3 e4 10. Ne5 Nxe5 11. dxe5 Ne7 12. Be2 0-0 13. 0-0 Be6 14. Qa4 a6 15. Qa3 Qd7 16. Bb4 Rfe8 17. Rfd1 Nd5 18. Bc4 Rac8 19. Qb3 Red8 20. Ba5 b6 21. Bxd5 bxa5 22. Bxe6 Qxe6 23. Rxd8+ Rxd8 24. Rd1 Rc8 25. Qb7 g6 26. Qxe4 Qxa2 27. h3 Re8 28. Qc6 Qe6 29. Qxe6 Rxe6 30. Rd5 a4 31. Ra5 Kg7 32. f4 f6 33. Rxa4 fxe5 34. fxe5 Rxe5 35. Rxa6 Rb5 36. Ra2 Rb3 37. Kf1 Kh6 1/2-1/2

[Event "Moscow Dvorkovich Cup U16 6th"]
[Site "Moscow"]
[Date "2011.06.26"]
[Round "2.3"]
[White "Akhmetov, Ayan"]
[Black "Abbasov, Amil Habil Oglu"]
[Result "0-1"]
[WhiteElo "2151"]
[BlackElo "2137"]
[PlyCount "138"]
[EventDate "2011.06.26"]
[EventType "team-tourn"]
[EventRounds "14"]
[EventCountry "RUS"]
[SourceTitle "CBM 143 Extra"]
[Source "ChessBase"]
[SourceDate "2011.08.29"]
[SourceVersion "1"]
[SourceVersionDate "2011.08.29"]
[SourceQuality "1"]
[WhiteTeam "Kazakhstan U16"]
[BlackTeam "Azerbaijan U16"]
[WhiteTeamCountry "KAZ"]
[BlackTeamCountry "AZE"]

1. e4 c5 2. Nf3 Nc6 3. d4 cxd4 4. Nxd4 g6 5. Nc3 Bg7 6. Be3 Nf6 7. Be2 0-0 8. Nb3 d6 9. 0-0 Be6 10. f4 Qc8 11. h3 a5 12. a4 Nb4 13. Bf3 Nd7 14. Nd4 Bc4 15. Rf2 Nc5 16. Nd5 Nxd5 17. exd5 Ba6 18. b3 Re8 19. Rc1 Qc7 20. Ne2 Rac8 21. c4 e6 22. Nc3 e5 23. Bxc5 Qxc5 24. Ne4 Qb6 25. c5 dxc5 26. d6 Rcd8 27. Rxc5 exf4 28. Rfc2 Be2 29. Qxe2 Bd4+ 30. Kh2 Bxc5 31. Nf6+ Kf8 32. Qxe8+ Rxe8 33. Nd7+ Kg7 34. Nxb6 Bxb6 35. Bxb7 Re1 36. h4 Rd1 37. Bf3 Rxd6 38. Rc4 Rd3 39. b4 axb4 40. Rxb4 Be3 41. Rb7 Bf2 42. Kh3 h5 43. a5 Ra3 44. a6 Rxa6 45. Bd5 Rf6 46. Rd7 Be3 47. Bf3 Bf2 48. Bd5 Bg3 49. Rb7 Rf5 50. Be4 Re5 51. Bd3 Re1 52. Rb1 Rxb1 53. Bxb1 Bf2 54. Bd3 f6 55. Be2 Kh6 56. Bd1 g5 57. hxg5+ fxg5 58. g4 fxg3 59. Kg2 g4 60. Bc2 Kg5 61. Be4 h4 62. Ba8 Kf4 63. Bb7 h3+ 64. Kf1 Ke3 65. Bc6 g2+ 66. Bxg2 hxg2+ 67. Kxg2 g3 68. Kh1 Kf4 69. Kg2 Kg4 0-1